<?xml version="1.0" encoding="UTF-8"?>
<collection xmlns="http://www.loc.gov/MARC21/slim">
 <record>
  <leader>06549cam a2200997   4500</leader>
  <controlfield tag="001">1621436586</controlfield>
  <controlfield tag="003">DE-627</controlfield>
  <controlfield tag="005">20240918202546.0</controlfield>
  <controlfield tag="007">tu</controlfield>
  <controlfield tag="008">090826s2009    gw ||||| m    00| ||ger c</controlfield>
  <datafield tag="015" ind1=" " ind2=" ">
   <subfield code="a">07,N26,2515</subfield>
   <subfield code="2">dnb</subfield>
  </datafield>
  <datafield tag="015" ind1=" " ind2=" ">
   <subfield code="a">07,N26,2515</subfield>
   <subfield code="2">dnb</subfield>
  </datafield>
  <datafield tag="016" ind1="7" ind2=" ">
   <subfield code="a">984398473</subfield>
   <subfield code="2">DE-101</subfield>
  </datafield>
  <datafield tag="020" ind1=" " ind2=" ">
   <subfield code="a">9783894981778</subfield>
   <subfield code="c">Gb. : EUR 39.80</subfield>
   <subfield code="9">978-3-89498-177-8</subfield>
  </datafield>
  <datafield tag="024" ind1="3" ind2=" ">
   <subfield code="a">9783894981778</subfield>
  </datafield>
  <datafield tag="035" ind1=" " ind2=" ">
   <subfield code="a">(DE-627)1621436586</subfield>
  </datafield>
  <datafield tag="035" ind1=" " ind2=" ">
   <subfield code="a">(DE-576)310011418</subfield>
  </datafield>
  <datafield tag="035" ind1=" " ind2=" ">
   <subfield code="a">(DE-599)DNB984398473</subfield>
  </datafield>
  <datafield tag="035" ind1=" " ind2=" ">
   <subfield code="a">(OCoLC)845123699</subfield>
  </datafield>
  <datafield tag="035" ind1=" " ind2=" ">
   <subfield code="a">(OCoLC)553045849</subfield>
  </datafield>
  <datafield tag="035" ind1=" " ind2=" ">
   <subfield code="a">(OCoLC)488659871</subfield>
  </datafield>
  <datafield tag="035" ind1=" " ind2=" ">
   <subfield code="a">(DE-604)BV035675273</subfield>
  </datafield>
  <datafield tag="040" ind1=" " ind2=" ">
   <subfield code="a">DE-627</subfield>
   <subfield code="b">ger</subfield>
   <subfield code="c">DE-627</subfield>
   <subfield code="e">rakwb</subfield>
  </datafield>
  <datafield tag="041" ind1=" " ind2=" ">
   <subfield code="a">ger</subfield>
  </datafield>
  <datafield tag="044" ind1=" " ind2=" ">
   <subfield code="c">XA-DE-NW</subfield>
   <subfield code="c">XA-DE</subfield>
  </datafield>
  <datafield tag="050" ind1=" " ind2="0">
   <subfield code="a">NK5350.C7</subfield>
  </datafield>
  <datafield tag="082" ind1="0" ind2=" ">
   <subfield code="a">748.50943551409034</subfield>
  </datafield>
  <datafield tag="082" ind1="0" ind2=" ">
   <subfield code="a">914.3</subfield>
   <subfield code="q">BSZ</subfield>
  </datafield>
  <datafield tag="082" ind1="0" ind2=" ">
   <subfield code="a">740</subfield>
   <subfield code="q">OCLC</subfield>
  </datafield>
  <datafield tag="082" ind1="0" ind2="4">
   <subfield code="a">914.3</subfield>
   <subfield code="a">740</subfield>
  </datafield>
  <datafield tag="084" ind1=" " ind2=" ">
   <subfield code="a">9,10</subfield>
   <subfield code="a">1</subfield>
   <subfield code="2">ssgn</subfield>
  </datafield>
  <datafield tag="084" ind1=" " ind2=" ">
   <subfield code="a">9,10</subfield>
   <subfield code="2">ssgn</subfield>
  </datafield>
  <datafield tag="084" ind1=" " ind2=" ">
   <subfield code="a">LK 42482</subfield>
   <subfield code="q">OBV</subfield>
   <subfield code="2">rvk</subfield>
   <subfield code="0">(DE-625)rvk/97871:13313</subfield>
  </datafield>
  <datafield tag="084" ind1=" " ind2=" ">
   <subfield code="a">21.12</subfield>
   <subfield code="2">bkl</subfield>
  </datafield>
  <datafield tag="100" ind1="1" ind2=" ">
   <subfield code="a">Dahmen, Stephan</subfield>
   <subfield code="d">1958-</subfield>
   <subfield code="0">(DE-588)139051090</subfield>
   <subfield code="0">(DE-627)608096709</subfield>
   <subfield code="0">(DE-576)174459572</subfield>
   <subfield code="4">aut</subfield>
  </datafield>
  <datafield tag="245" ind1="1" ind2="4">
   <subfield code="a">Die Bayernfenster des Kölner Domes 1844 - 1848</subfield>
   <subfield code="b">Kirchenausstattung zwischen Kunst, Theologie und Politik</subfield>
   <subfield code="c">Stephan Dahmen</subfield>
  </datafield>
  <datafield tag="246" ind1="3" ind2="3">
   <subfield code="a">Die Bayernfenster im Kölner Dom (1844 - 1848)</subfield>
  </datafield>
  <datafield tag="264" ind1=" " ind2="1">
   <subfield code="a">Köln</subfield>
   <subfield code="b">SH-Verlag</subfield>
   <subfield code="c">2009</subfield>
  </datafield>
  <datafield tag="300" ind1=" " ind2=" ">
   <subfield code="a">342 S., [16] Bl.</subfield>
   <subfield code="b">Ill.</subfield>
   <subfield code="c">225 mm x 150 mm</subfield>
  </datafield>
  <datafield tag="336" ind1=" " ind2=" ">
   <subfield code="a">Text</subfield>
   <subfield code="b">txt</subfield>
   <subfield code="2">rdacontent</subfield>
  </datafield>
  <datafield tag="337" ind1=" " ind2=" ">
   <subfield code="a">ohne Hilfsmittel zu benutzen</subfield>
   <subfield code="b">n</subfield>
   <subfield code="2">rdamedia</subfield>
  </datafield>
  <datafield tag="338" ind1=" " ind2=" ">
   <subfield code="a">Band</subfield>
   <subfield code="b">nc</subfield>
   <subfield code="2">rdacarrier</subfield>
  </datafield>
  <datafield tag="490" ind1="1" ind2=" ">
   <subfield code="a">Kölner Schriften zu Geschichte und Kultur</subfield>
   <subfield code="v">29</subfield>
  </datafield>
  <datafield tag="502" ind1=" " ind2=" ">
   <subfield code="a">Teilw. zugl.: Münster, Univ., Diss., 1999 u.d.T.: Dahmen, Stephan: Die Bayernfenster im Kölner Dom (1844 - 1848)</subfield>
  </datafield>
  <datafield tag="520" ind1=" " ind2=" ">
   <subfield code="a">1848, zum 600. Jahrestag der Grundsteinlegung des Kölner Doms, stiftete König Ludwig I. von Bayern fünf Fenster für das südliche Seitenschiff. Die sogenannten &quot;Bayernfenster&quot; nehmen eine herausragende Stellung unter den Glasmalereien des 19. Jahrhunderts in Deutschland ein. Die großformatige Darstellung des heilsgeschichtlichen Zyklus ist zugleich ein leuchtendes Zeugnis für das nach Aufklärung und Säkularisierung wiedergewonnene Selbstbewusstsein der katholischen Kirche. - MIt dem Buch von Stephan Dahmen liegt nun die erste monografische Untersuchung der Fenster vor. Dahmen hat sämtliche Vorarbeiten und das Kölner Archivmaterial über die Entstehung der Fenster ausgewertet und konnte so zum ersten Mal den Werkprozess rekonstruieren. Er verdeutlicht die schwierige Suche nach der richtigen Einbindung der neuen Fenster in den gotischen Raum mit seinem mittelalterlichen Fensterbestand und untersucht die Rolle von Sulpiz Boisserée, dem künstlerischen Gutachter bei der Domvollendung. Von besonderem Reiz sind die hier zum ersten Mal in ihrer Gesamtheit publizierten farbigen Skizzen und Detailzeichnungen.  - Die Interpretation des Bildprogramms schließlich erfolgt nicht zuletzt im Hinblick auf das Herrschaftsverständnis des Stifters Ludwig I. und die von der katholischen Kirche in einem wieder zu errichtenden Deutschen Reich angestrebte Rolle. In der Gesamtschau aller Aspekte offenbart sich die einzigartige Struktur des Fensterzyklus, bei der ein nazarenisches Bildkonzept mit religiöser Erziehungsfunktion verbunden wird mit Prinzipien mittelalterlicher heilsgeschichtlicher Verglasungsprogramme. Ein Vergleich mit weiteren Glasmalereistiftungen Ludwigs I. unterstreicht die herausragende Stellung der Bayernfenster. - (Verlagsmitteilung)</subfield>
  </datafield>
  <datafield tag="583" ind1="1" ind2=" ">
   <subfield code="a">Archivierung/Langzeitarchivierung gewährleistet</subfield>
   <subfield code="f">SSG</subfield>
   <subfield code="x">XA-DE-BW</subfield>
   <subfield code="2">pdager</subfield>
   <subfield code="5">DE-21</subfield>
  </datafield>
  <datafield tag="583" ind1="1" ind2=" ">
   <subfield code="a">Archivierung/Langzeitarchivierung gewährleistet</subfield>
   <subfield code="f">SSG</subfield>
   <subfield code="x">XA-DE-BW</subfield>
   <subfield code="2">pdager</subfield>
   <subfield code="5">DE-16</subfield>
  </datafield>
  <datafield tag="610" ind1="1" ind2="0">
   <subfield code="a">Kölner Dom</subfield>
  </datafield>
  <datafield tag="655" ind1=" " ind2="7">
   <subfield code="a">Hochschulschrift</subfield>
   <subfield code="0">(DE-588)4113937-9</subfield>
   <subfield code="0">(DE-627)105825778</subfield>
   <subfield code="0">(DE-576)209480580</subfield>
   <subfield code="2">gnd-content</subfield>
  </datafield>
  <datafield tag="689" ind1="0" ind2="0">
   <subfield code="d">g</subfield>
   <subfield code="0">(DE-588)4774904-0</subfield>
   <subfield code="0">(DE-627)385181043</subfield>
   <subfield code="0">(DE-576)216270413</subfield>
   <subfield code="a">Köln</subfield>
   <subfield code="g">Dom</subfield>
   <subfield code="g">Bayernfenster</subfield>
   <subfield code="2">gnd</subfield>
  </datafield>
  <datafield tag="689" ind1="0" ind2=" ">
   <subfield code="5">DE-101</subfield>
  </datafield>
  <datafield tag="689" ind1="1" ind2="0">
   <subfield code="d">p</subfield>
   <subfield code="0">(DE-588)118574884</subfield>
   <subfield code="0">(DE-627)079370187</subfield>
   <subfield code="0">(DE-576)162048378</subfield>
   <subfield code="a">Ludwig</subfield>
   <subfield code="b">I.</subfield>
   <subfield code="c">Bayern, König</subfield>
   <subfield code="d">1786-1868</subfield>
   <subfield code="2">gnd</subfield>
  </datafield>
  <datafield tag="689" ind1="1" ind2="1">
   <subfield code="d">s</subfield>
   <subfield code="0">(DE-588)4132150-9</subfield>
   <subfield code="0">(DE-627)105689807</subfield>
   <subfield code="0">(DE-576)209633158</subfield>
   <subfield code="a">Stifter</subfield>
   <subfield code="2">gnd</subfield>
  </datafield>
  <datafield tag="689" ind1="1" ind2="2">
   <subfield code="d">s</subfield>
   <subfield code="0">(DE-588)4021177-0</subfield>
   <subfield code="0">(DE-627)106315099</subfield>
   <subfield code="0">(DE-576)208936653</subfield>
   <subfield code="a">Glasmalerei</subfield>
   <subfield code="2">gnd</subfield>
  </datafield>
  <datafield tag="689" ind1="1" ind2=" ">
   <subfield code="5">DE-101</subfield>
  </datafield>
  <datafield tag="689" ind1="2" ind2="0">
   <subfield code="d">p</subfield>
   <subfield code="0">(DE-588)11851301X</subfield>
   <subfield code="0">(DE-627)136474802</subfield>
   <subfield code="0">(DE-576)160355273</subfield>
   <subfield code="a">Boisserée, Sulpiz</subfield>
   <subfield code="d">1783-1854</subfield>
   <subfield code="2">gnd</subfield>
  </datafield>
  <datafield tag="689" ind1="2" ind2=" ">
   <subfield code="5">DE-101</subfield>
  </datafield>
  <datafield tag="689" ind1="3" ind2="0">
   <subfield code="d">g</subfield>
   <subfield code="0">(DE-588)4774904-0</subfield>
   <subfield code="0">(DE-627)385181043</subfield>
   <subfield code="0">(DE-576)216270413</subfield>
   <subfield code="a">Köln</subfield>
   <subfield code="g">Dom</subfield>
   <subfield code="g">Bayernfenster</subfield>
   <subfield code="2">gnd</subfield>
  </datafield>
  <datafield tag="689" ind1="3" ind2=" ">
   <subfield code="5">(DE-627)</subfield>
  </datafield>
  <datafield tag="689" ind1="4" ind2="0">
   <subfield code="d">p</subfield>
   <subfield code="0">(DE-588)118574884</subfield>
   <subfield code="0">(DE-627)079370187</subfield>
   <subfield code="0">(DE-576)162048378</subfield>
   <subfield code="a">Ludwig</subfield>
   <subfield code="b">I.</subfield>
   <subfield code="c">Bayern, König</subfield>
   <subfield code="d">1786-1868</subfield>
   <subfield code="2">gnd</subfield>
  </datafield>
  <datafield tag="689" ind1="4" ind2=" ">
   <subfield code="5">(DE-627)</subfield>
  </datafield>
  <datafield tag="689" ind1="5" ind2="0">
   <subfield code="d">p</subfield>
   <subfield code="0">(DE-588)11851301X</subfield>
   <subfield code="0">(DE-627)136474802</subfield>
   <subfield code="0">(DE-576)160355273</subfield>
   <subfield code="a">Boisserée, Sulpiz</subfield>
   <subfield code="d">1783-1854</subfield>
   <subfield code="2">gnd</subfield>
  </datafield>
  <datafield tag="689" ind1="5" ind2=" ">
   <subfield code="5">(DE-627)</subfield>
  </datafield>
  <datafield tag="751" ind1=" " ind2=" ">
   <subfield code="a">Münster (Westf)</subfield>
   <subfield code="0">(DE-588)4040608-8</subfield>
   <subfield code="0">(DE-627)818071567</subfield>
   <subfield code="0">(DE-576)209041323</subfield>
   <subfield code="4">uvp</subfield>
  </datafield>
  <datafield tag="787" ind1="0" ind2="8">
   <subfield code="i">Rezension:</subfield>
   <subfield code="a">Beuckers, Klaus Gereon, 1966 - </subfield>
   <subfield code="t">Stephan Dahmen, Die Bayernfenster des Kölnder Domes (1844-1848)</subfield>
   <subfield code="d">Regensburg : Schnell und Steiner, 2010</subfield>
   <subfield code="h">S. 133-136</subfield>
   <subfield code="w">(DE-627)1527053687</subfield>
   <subfield code="w">(DE-576)457053682</subfield>
  </datafield>
  <datafield tag="787" ind1="0" ind2="8">
   <subfield code="i">Rezension</subfield>
   <subfield code="a">Beuckers, Klaus Gereon, 1966 - </subfield>
   <subfield code="t">[Rezension von: Stephan Dahmen, Die Bayernfenster des Kölner Domes 1844-1848]</subfield>
   <subfield code="d">2010</subfield>
   <subfield code="w">(DE-627)1543886094</subfield>
   <subfield code="w">(DE-576)47388609X</subfield>
  </datafield>
  <datafield tag="830" ind1=" " ind2="0">
   <subfield code="a">Kölner Schriften zu Geschichte und Kultur</subfield>
   <subfield code="v">29</subfield>
   <subfield code="9">29</subfield>
   <subfield code="w">(DE-627)129173452</subfield>
   <subfield code="w">(DE-576)008525706</subfield>
   <subfield code="w">(DE-600)51311-8</subfield>
   <subfield code="7">ns</subfield>
  </datafield>
  <datafield tag="856" ind1="4" ind2="2">
   <subfield code="u">https://swbplus.bsz-bw.de/bsz310011418inh.htm</subfield>
   <subfield code="m">B:DE-576;DE-16</subfield>
   <subfield code="q">application/pdf</subfield>
   <subfield code="v">20100315162131</subfield>
   <subfield code="x">Verlag</subfield>
   <subfield code="3">Inhaltsverzeichnis</subfield>
  </datafield>
  <datafield tag="856" ind1="4" ind2="2">
   <subfield code="u">http://deposit.dnb.de/cgi-bin/dokserv?id=2967035&amp;prov=M&amp;dok_var=1&amp;dok_ext=htm</subfield>
   <subfield code="m">X: MVB</subfield>
   <subfield code="q">text/html</subfield>
   <subfield code="v">20130501</subfield>
   <subfield code="x">Verlag</subfield>
   <subfield code="3">Inhaltstext</subfield>
  </datafield>
  <datafield tag="889" ind1=" " ind2=" ">
   <subfield code="w">(DE-627)53206982X</subfield>
  </datafield>
  <datafield tag="889" ind1=" " ind2=" ">
   <subfield code="w">(DE-627)607360909</subfield>
  </datafield>
  <datafield tag="935" ind1=" " ind2=" ">
   <subfield code="a">mteo</subfield>
  </datafield>
  <datafield tag="935" ind1=" " ind2=" ">
   <subfield code="i">mdedup</subfield>
  </datafield>
  <datafield tag="936" ind1="r" ind2="v">
   <subfield code="a">LK 42482</subfield>
   <subfield code="b">Kirchen, Kathedralen</subfield>
   <subfield code="k">Kunstgeschichte</subfield>
   <subfield code="k">Kunst nach Ländern bzw. Kontinenten</subfield>
   <subfield code="k">Deutschland</subfield>
   <subfield code="k">Kunsttopografie Deutschlands</subfield>
   <subfield code="k">Orte Deutschlands</subfield>
   <subfield code="k">Orte K</subfield>
   <subfield code="k">Köln</subfield>
   <subfield code="k">Kirchen, Kathedralen</subfield>
   <subfield code="0">(DE-627)1270914898</subfield>
   <subfield code="0">(DE-625)rvk/97871:13313</subfield>
   <subfield code="0">(DE-576)200914898</subfield>
  </datafield>
  <datafield tag="936" ind1="b" ind2="k">
   <subfield code="a">21.12</subfield>
   <subfield code="j">Glasmalerei</subfield>
   <subfield code="0">(DE-627)106406671</subfield>
  </datafield>
  <datafield tag="951" ind1=" " ind2=" ">
   <subfield code="a">BO</subfield>
  </datafield>
  <datafield tag="990" ind1=" " ind2=" ">
   <subfield code="a">Köln</subfield>
  </datafield>
  <datafield tag="990" ind1=" " ind2=" ">
   <subfield code="a">Ludwig &lt;I., Bayern, König&gt; </subfield>
  </datafield>
  <datafield tag="990" ind1=" " ind2=" ">
   <subfield code="a">Stifter</subfield>
  </datafield>
  <datafield tag="990" ind1=" " ind2=" ">
   <subfield code="a">Glasmalerei</subfield>
  </datafield>
  <datafield tag="990" ind1=" " ind2=" ">
   <subfield code="a">Boisserée, Sulpiz</subfield>
  </datafield>
  <datafield tag="990" ind1=" " ind2=" ">
   <subfield code="a">Köln</subfield>
  </datafield>
  <datafield tag="990" ind1=" " ind2=" ">
   <subfield code="a">Ludwig &lt;I., Bayern, König&gt; </subfield>
  </datafield>
  <datafield tag="990" ind1=" " ind2=" ">
   <subfield code="a">Boisserée, Sulpiz</subfield>
  </datafield>
  <datafield tag="991" ind1=" " ind2=" ">
   <subfield code="a">Rezensiertes Werk</subfield>
  </datafield>
  <datafield tag="999" ind1=" " ind2=" ">
   <subfield code="a">KXP-PPN1621436586</subfield>
   <subfield code="e">4158462894</subfield>
  </datafield>
 </record>
</collection>
